[Event "CCCSA IM Norm C 2019"]
[Site "Charlotte"]
[Date "2019.06.07"]
[Round "4.2"]
[White "Balleisen, Aaron"]
[Black "Wang, Jason"]
[Result "1/2-1/2"]
[WhiteElo "2203"]
[BlackElo "2285"]
[Annotator "TA"]
[PlyCount "161"]
[EventDate "2019.06.05"]
[EventType "tourn"]
[EventCountry "USA"]
[SourceTitle "playchess.com"]
[Source "ChessBase"]
[SourceQuality "1"]

{[%evp 9,161,25,16,14,30,25,39,17,52,42,58,52,55,42,50,34,62,61,72,40,40,37,45,7,5,0,0,0,0,0,0,0,0,0,4,-10,-13,-13,-4,-15,-9,-10,-10,-14,-11,-95,-87,-87,-101,-92,-85,-102,-101,-117,-87,-83,-107,-98,-53,-75,-67,-62,-30,-29,-30,-48,0,0,0,0,0,0,0,0,0,0,0,0,0,0,0,0,0,0,0,0,0,0,0,0,0,0,0,0,0,0,7,7,7,7,7,7,7,7,7,7,7,7,7,7,7,7,7,7,7,7,8,8,8,8,8,8,8,8,8,0,8,8,8,8,8,8,8,8,8,8,8,8,8,0,8,0,8,8,8,8,8,8,8,8,8,0,0,0]} 1. c4 e5 2. g3 Nc6 3. Bg2 Bc5 4. Nc3 a6 5. Nf3 d6 6. e3 {A25: English Opening vs King's Indian with ...Nc6 but without early d3} Ba7 (6... Nf6 7. O-O O-O 8. h3 Ba7 9. d4 h6 10. dxe5 dxe5 11. Qxd8 Rxd8 12. b3 Be6 13. Ba3 Rd7 14. Rfd1 Rad8 15. Rxd7 Rxd7 {½-½ (41) Howell,D (2676)-Ponomariov,R (2694) Riadh 2017}) 7. d4 exd4 8. exd4 {White is slightly better.} Nge7 9. d5 Ne5 10. Nxe5 $1 dxe5 11. Qe2 $146 ({Predecessor:} 11. O-O) 11... Bd4 12. O-O O-O 13. Be3 Re8 14. Rad1 Nf5 15. Ne4 Rb8 16. g4 Bxe3 17. fxe3 Nd6 18. c5 Nxe4 19. Bxe4 Qg5 20. Bf5 h5 21. Bxc8 (21. e4 {is more complex.} hxg4 22. Bxc8 Rbxc8 23. Rf5 Qh4 24. Kh1) 21... Rbxc8 22. Rf5 Qxg4+ 23. Qxg4 hxg4 $11 {[%mdl 4096] Endgame KRR-KRR} 24. Rg5 e4 25. Rxg4 Re5 26. Rg2 c6 27. Rgd2 (27. dxc6 $1 $11 {keeps the balance.} Rxc6 28. Rd8+ Kh7 29. b4) 27... cxd5 $17 28. b4 Rd8 29. h4 Kf8 30. Kg2 Ke7 31. b5 axb5 32. Rb1 Rd7 33. Rxb5 Kd8 34. Rdb2 Kc8 35. a4 Re6 36. Rb6 Rc7 37. R2b5 Rec6 38. Kg3 {The position is equal.} Re7 39. Rxc6+ bxc6 $11 {KR-KR} 40. Rb6 Kc7 41. a5 Re8 42. Ra6 {[#]} d4 $1 {[%mdl 512]} 43. Ra7+ {[#]} (43. exd4 e3) 43... Kb8 $1 44. Rxf7 d3 {And now ...Rd8 would win.} 45. Kf2 $1 ({But not} 45. Rxg7 $2 Rd8 $19) 45... Re5 46. Rxg7 Rxc5 47. Ke1 $1 Rxa5 48. Re7 Ra1+ 49. Kd2 Ra2+ 50. Kd1 c5 {Strongly threatening ...c4.} 51. Rxe4 Rc2 (51... Kb7 $5 52. Rc4 $8 Kc6 $11) 52. h5 {aiming for Rh4.} Kc7 53. Rh4 {Hoping for h6.} c4 $1 54. h6 {Intending h7 and mate.} c3 55. h7 Ra2 {[%cal Ra2a1]} (55... Rg2 $5 56. Rc4+ $8 {[%mdl 64] Double Attack} Kd6 57. Rxc3 Rh2 $11) 56. Rc4+ Kd6 {[%cal Ra2a1]} 57. Rxc3 Rh2 58. Rxd3+ Ke6 59. Rd4 Rxh7 60. Ke2 Ke5 61. Rd8 Rh3 62. Kd3 Rg3 63. Re8+ Kd5 64. Rh8 Rg4 65. Rh5+ Kd6 66. Ra5 Rh4 67. e4 Kd7 68. Ra6 Ke7 69. Kd4 Rh5 70. Ra1 Ke6 71. Ra7 Rg5 72. Ra8 Rh5 73. Re8+ Kd7 74. Ra8 (74. Rg8 {seems wilder.} Rh6 75. Ra8 Re6 76. Ra1 Ke7 77. Rb1) 74... Ke6 75. Ke3 Rb5 76. Kf4 Rc5 77. Re8+ Kf7 78. Rb8 Ke6 79. Rb6+ Ke7 80. e5 Rc1 81. Ke4 {Accuracy: White = 74%, Black = 66%.} 1/2-1/2

[Event "CCCSA IM Norm C 2019"]
[Site "Charlotte"]
[Date "2019.06.07"]
[Round "4.3"]
[White "Martin Del Campo C., Roberto"]
[Black "Lorne, Ras Malaku"]
[Result "1/2-1/2"]
[WhiteElo "2311"]
[BlackElo "2159"]
[Annotator "TA"]
[PlyCount "66"]
[EventDate "2019.06.05"]
[EventType "tourn"]
[EventCountry "USA"]
[SourceTitle "playchess.com"]
[Source "ChessBase"]
[SourceQuality "1"]

{[%evp 19,66,0,0,0,1,25,27,20,14,0,0,-7,-6,-8,0,0,0,-4,0,0,8,-7,0,0,0,0,4,0,0,0,6,-6,0,0,0,0,8,8,8,0,0,0,0,0,0,0,0,0,0]} 1. e4 e5 2. Nf3 Nc6 3. Bc4 Nf6 4. d4 exd4 5. e5 d5 6. Bb5 Ne4 7. Nxd4 Bd7 8. Bxc6 bxc6 9. O-O Bc5 10. Be3 O-O 11. Nd2 {C56: Two Knights: 4 d4 exd4 5 0-0 Nxe4} Nxd2 12. Qxd2 Qe7 (12... Re8 13. Rfe1 Bb6 14. Bg5 Qc8 15. a4 c5 16. Nf3 a5 17. Qxd5 Re6 18. c4 Rg6 {1-0 (36) Belyakov,B (2479)-Moiseenko,V (2522) Sochi 2018}) 13. Nb3 {White has an edge.} Bb6 {The position is equal.} 14. Qc3 f6 15. f4 Rae8 {[%cal Rf6e5]} 16. Nc5 Bf5 $146 {[%cal Rf6e5]} ({Predecessor:} 16... fxe5 17. fxe5 Rf5 18. Rxf5 Bxf5 19. Rf1 g6 20. Bd4 Bxc5 21. Bxc5 Qxe5 22. Qxe5 Rxe5 {½-½ (32) Gonzalez,O (2194)-Fonseca,C (2078) Bogota 2010}) 17. Bd4 fxe5 18. fxe5 Qh4 19. Rf2 Be4 20. Nxe4 Qxe4 21. Bxb6 axb6 22. Re1 Qc4 23. Rxf8+ Rxf8 24. Qxc4 dxc4 $11 {[%mdl 4096] Endgame KR-KR} 25. Rd1 Re8 26. Rd7 Rxe5 27. Rxc7 Rb5 28. b3 cxb3 29. axb3 (29. cxb3 {keeps more tension.} Rc5 30. a4 Rc1+ 31. Kf2 Rc2+ 32. Kf1) 29... Rc5 30. c4 b5 31. Rc8+ Kf7 32. Rc7+ Kf8 33. cxb5 Rxb5 {Accuracy: White = 63%, Black = 74%.} 1/2-1/2

[Event "CCCSA IM Norm C 2019"]
[Site "Charlotte"]
[Date "2019.06.07"]
[Round "4.5"]
[White "Jacobson, Aaron"]
[Black "Turgut, Aydin"]
[Result "0-1"]
[WhiteElo "2302"]
[BlackElo "2286"]
[Annotator "RC"]
[PlyCount "58"]
[EventDate "2019.06.05"]
[EventType "tourn"]
[EventCountry "USA"]
[SourceTitle "playchess.com"]
[Source "ChessBase"]
[SourceQuality "1"]
[TimeControl "5400+30"]

1. e4 {[%emt 1:30:30]} e5 {[%emt 1:30:30]} 2. Nf3 {[%emt 0:00:30]} Nc6 {[%emt 0:00:30]} 3. Bb5 {[%emt 0:00:30]} a6 {[%emt 0:00:30]} 4. Ba4 {[%emt 0:00:30]} Nf6 {[%emt 0:00:30]} 5. O-O {[%emt 0:00:30]} Be7 {[%emt 0:00:30]} 6. Re1 {[%emt 0:00:30]} b5 {[%emt 0:00:30]} 7. Bb3 {[%emt 0:00:30]} O-O {[%emt 0:00:30]} 8. c3 {[%emt 0:00:30]} d6 {[%emt 0:00:30]} 9. h3 {[%emt 0:00:30]} Nb8 {[%emt 0:00:30]} 10. d4 {[%emt 0:00:30]} Nbd7 {[%emt 0:00:30]} 11. Nbd2 {[%emt 0:00:30]} c5 {[%emt 0:00:30]} 12. d5 {[%emt 0:00:30]} c4 {[%emt 0:00:30]} 13. Bc2 {[%emt 0:00:30]} Qc7 {[%emt 0:00:30]} 14. Nf1 {[%emt 0:00:30]} Nc5 {[%emt 0:00:30]} 15. b4 {[%emt 0:00:30]} cxb3 {[%emt 0:00:30]} 16. axb3 {[%emt 0:00:30]} Bd7 {[%emt 0:00:30]} 17. Bd2 {[%emt 0:00:30]} a5 {[%emt 0:00:30]} 18. Qe2 {[%emt 0:00:30]} Rfc8 {[%emt 0:00:30]} 19. Rec1 {[%emt 0:00:30]} a4 {[%emt 0:00:30]} 20. b4 {[%emt 0:00:30]} Nb3 {[%emt 0:00:30]} 21. Bxb3 {[%emt 0:00:30]} axb3 {[%emt 0:00:30]} 22. Rcb1 {[%emt 0:00:30]} Qc4 {[%emt 0:00:30]} 23. Qxc4 {[%emt 0:00:30]} bxc4 {[%emt 0:00:30]} 24. Bg5 {[%emt 0:00:30]} Nxe4 {[%emt 0:00:30]} 25. Rxa8 {[%emt 0:00:30]} Rxa8 {[%emt 0:00:30]} 26. Bxe7 {[%emt 0:00:30]} Nxc3 {[%emt 0:00:30]} 27. Re1 {[%emt 0:00:30]} b2 {[%emt 0:00:30]} 28. N3d2 {[%emt 0:00:30]} Ra1 {[%emt 0:00:30]} 29. Re3 {[%emt 0:00:30]} Nxd5 {[%emt 0:00:30]} 0-1

[Event "CCCSA IM Norm C 2019"]
[Site "Charlotte"]
[Date "2019.06.08"]
[Round "5.1"]
[White "Lorne, Ras Malaku"]
[Black "Adamson, Robby"]
[Result "0-1"]
[WhiteElo "2159"]
[BlackElo "2238"]
[Annotator "RC"]
[PlyCount "68"]
[EventDate "2019.06.05"]
[EventType "tourn"]
[EventCountry "USA"]
[SourceTitle "playchess.com"]
[Source "ChessBase"]
[SourceQuality "1"]
[TimeControl "5400+30"]

1. Nf3 {[%emt 1:30:30]} d5 {[%emt 1:30:30]} 2. c4 {[%emt 0:00:30]} d4 {[%emt 0:00:30]} 3. b4 {[%emt 0:00:30]} Bg4 {[%emt 0:00:30]} 4. Qa4+ {[%emt 0:00:30]} c6 {[%emt 0:00:30]} 5. Bb2 {[%emt 0:00:30]} Bxf3 {[%emt 0:00:30]} 6. gxf3 {[%emt 0:00:30]} e5 {[%emt 0:00:30]} 7. Na3 {[%emt 0:00:30]} Nd7 {[%emt 0:00:30]} 8. Bh3 {[%emt 0:00:30]} Ngf6 {[%emt 0:00:30]} 9. d3 {[%emt 0:00:30]} a5 {[%emt 0:00:30]} 10. Bxd7+ {[%emt 0:00:30]} Nxd7 {[%emt 0:00:30]} 11. b5 {[%emt 0:00:30]} Bb4+ {[%emt 0:00:30]} 12. Kf1 {[%emt 0:00:30]} Nc5 {[%emt 0:00:30]} 13. Qd1 {[%emt 0:00:30]} Qh4 {[%emt 0:00:30]} 14. h3 {[%emt 0:00:30]} Ne6 {[%emt 0:00:30]} 15. bxc6 {[%emt 0:00:30]} bxc6 {[%emt 0:00:30]} 16. Nc2 {[%emt 0:00:30]} Be7 {[%emt 0:00:30]} 17. Bc1 {[%emt 0:00:30]} O-O {[%emt 0:00:30]} 18. Rb1 {[%emt 0:00:30]} Bg5 {[%emt 0:00:30]} 19. Bxg5 {[%emt 0:00:30]} Nxg5 {[%emt 0:00:30]} 20. Rb6 Rac8 {[%emt 0:00:30]} 21. Qd2 {[%emt 0:01:00]} Nxh3 {[%emt 0:00:30]} 22. e3 {[%emt 0:00:30]} Qd8 {[%emt 0:00:30]} 23. Qxa5 {[%emt 0:00:30]} dxe3 {[%emt 0:00:30]} 24. fxe3 {[%emt 0:00:30]} Qxd3+ {[%emt 0:00:30]} 25. Kg2 {[%emt 0:00:30]} Ng5 {[%emt 0:00:30]} 26. Ne1 {[%emt 0:00:30]} Qe2+ {[%emt 0:00:30]} 27. Kg3 {[%emt 0:00:30]} Qxe3 {[%emt 0:00:30]} 28. Rb2 {[%emt 0:00:30]} Rfe8 {[%emt 0:00:30]} 29. Rh4 {[%emt 0:00:30]} Rcd8 {[%emt 0:00:30]} 30. Rf2 {[%emt 0:00:30]} h6 {[%emt 0:00:30]} 31. Nc2 {[%emt 0:00:30]} Qd3 {[%emt 0:00:30]} 32. Nb4 {[%emt 0:00:30]} Qd6 {[%emt 0:00:30]} 33. c5 {[%emt 0:00:30]} Qg6 {[%emt 0:00:30]} 34. Rg4 {[%emt 0:00:30]} Rd4 {[%emt 0:00:30]} 0-1

[Event "CCCSA IM Norm C 2019"]
[Site "Charlotte"]
[Date "2019.06.08"]
[Round "5.2"]
[White "Ludwig, John"]
[Black "Jacobson, Aaron"]
[Result "1-0"]
[WhiteElo "2374"]
[BlackElo "2302"]
[Annotator "TA"]
[PlyCount "87"]
[EventDate "2019.06.05"]
[EventType "tourn"]
[EventCountry "USA"]
[SourceTitle "playchess.com"]
[Source "ChessBase"]
[SourceQuality "1"]

{[%evp 14,87,-4,-20,18,17,12,-5,4,-4,0,0,3,0,0,-36,-11,-21,-31,-22,-16,-31,-19,-32,-29,-37,-28,-35,-31,-41,-41,-37,-33,-47,24,-64,0,0,-8,0,-6,0,0,-22,0,-10,-10,-28,8,-54,-65,-78,8,3,6,8,7,3,61,25,18,22,15,0,0,-5,0,0,886,884,1043,1037,1016,1016,985,914]} 1. e4 ({Predecessor:} 1. Nf3 d5 2. g3 c6 3. Bg2 Nf6 4. O-O Bg4 5. d3 Nbd7 6. Nbd2 e5 7. c3 Bd6 8. e4 O-O 9. h3 Bh5 10. Qc2 Re8 11. Re1 {½-½ (12) Dableo,R (2425)-Nguyen,A (2541) Doha 2006}) 1... c6 2. d3 d5 3. Nd2 e5 4. Ngf3 Bd6 5. g3 Nf6 6. Bg2 O-O 7. O-O Re8 8. Re1 Bg4 $146 {B10: Caro-Kann: 2 d3 and 2 c4} (8... Nbd7 9. c3 h6 10. Qc2 Nf8 11. b3 Ng6 12. Bb2 Bg4 13. h3 Be6 14. Rad1 Qc7 15. Nf1 Rad8 16. Ne3 Qc8 17. Kh2 {0-1 (39) Mamedyarov,S (2799)-Grischuk,A (2772) Huaian 2017}) 9. h3 Bh5 10. c3 a5 {[%cal Ba7a5,Ba5a4][%mdl 32] The position is equal.} 11. Qc2 Nbd7 12. Nh4 Bf8 13. exd5 Nxd5 14. Ne4 a4 15. Bg5 f6 16. Bd2 Bf7 17. Rad1 g6 18. Bc1 h6 19. c4 Nb4 20. Qb1 $1 f5 21. Nc3 Nc5 {[%cal Rb4d3]} 22. Bf1 Bg7 23. Nf3 Qa5 (23... Nba6 $15) 24. Bd2 (24. Nxe5 $11 Bxe5 25. d4) 24... Nba6 (24... Rad8 $15 25. Re3 Qc7) 25. Ne4 $11 Qc7 26. Nxc5 Nxc5 27. Bc3 Nd7 28. Qc2 c5 29. Bg2 Nb8 30. g4 Nc6 31. Re2 (31. gxf5 $11 gxf5 32. Nh4) 31... Nd4 32. Bxd4 exd4 (32... cxd4 $17 33. g5 h5) 33. Rxe8+ Bxe8 34. gxf5 Qf4 35. fxg6 Bc6 (35... Bxg6 $11 36. Qd2 Qxd2 37. Rxd2 Re8) 36. Qd2 Qf6 37. Ne1 Qxg6 38. Qe2 h5 39. Kh1 Re8 40. Qf1 Re2 $2 {[%mdl 8192] [#]} (40... Qf5 $11 41. Bxc6 bxc6) 41. Qxe2 $18 {White is clearly winning.} Qf5 42. Bxc6 Qxh3+ 43. Kg1 bxc6 44. Qf3 {Accuracy: White = 48%, Black = 42%.} 1-0

[Event "CCCSA IM Norm C 2019"]
[Site "Charlotte"]
[Date "2019.06.08"]
[Round "5.3"]
[White "Turgut, Aydin"]
[Black "Bregadze, Levan"]
[Result "1/2-1/2"]
[WhiteElo "2286"]
[BlackElo "2462"]
[Annotator "RC"]
[PlyCount "87"]
[EventDate "2019.06.05"]
[EventType "tourn"]
[EventCountry "USA"]
[SourceTitle "playchess.com"]
[Source "ChessBase"]
[SourceQuality "1"]
[TimeControl "5400+30"]

1. e4 {[%emt 1:30:30]} c5 {[%emt 1:30:30]} 2. Nf3 {[%emt 0:00:30]} d6 {[%emt 0:00:30]} 3. d4 {[%emt 0:00:30]} cxd4 {[%emt 0:00:30]} 4. Nxd4 {[%emt 0:00:30]} Nf6 {[%emt 0:00:30]} 5. Nc3 {[%emt 0:00:30]} Nc6 {[%emt 0:00:30]} 6. Bg5 {[%emt 0:00:30]} e6 {[%emt 0:00:30]} 7. Qd2 {[%emt 0:00:30]} Be7 {[%emt 0:00:30]} 8. O-O-O {[%emt 0:00:30]} O-O {[%emt 0:00:30]} 9. f4 {[%emt 0:00:30]} Bd7 {[%emt 0:00:30]} 10. Ndb5 {[%emt 0:00:30]} e5 {[%emt 0:00:30]} 11. Bxf6 {[%emt 0:00:30]} Bxf6 {[%emt 0:00:30]} 12. Qxd6 {[%emt 0:00:30]} Bg4 {[%emt 0:00:30]} 13. Qxd8 {[%emt 0:00:30]} Bxd8 {[%emt 0:00:30]} 14. Be2 {[%emt 0:00:30]} Bxe2 {[%emt 0:00:30]} 15. Nxe2 {[%emt 0:00:30]} exf4 {[%emt 0:00:30]} 16. Nxf4 {[%emt 0:00:30]} Bg5 {[%emt 0:00:30]} 17. g3 {[%emt 0:00:30]} Rae8 {[%emt 0:00:30]} 18. Nd6 {[%emt 0:00:30]} Re7 {[%emt 0:00:30]} 19. h4 {[%emt 0:00:30]} Bh6 {[%emt 0:00:30]} 20. Kb1 {[%emt 0:00:30]} b6 {[%emt 0:00:30]} 21. Nd5 {[%emt 0:00:30]} Re6 {[%emt 0:00:30]} 22. Nf5 {[%emt 0:00:30]} Ne5 {[%emt 0:00:30]} 23. Nc7 {[%emt 0:00:30]} Rf6 {[%emt 0:00:30]} 24. Nd5 {[%emt 0:00:30]} Re6 {[%emt 0:00:30]} 25. Nc7 {[%emt 0:00:30]} Rf6 {[%emt 0:00:30]} 26. Rd5 {[%emt 0:00:30]} Ng4 {[%emt 0:00:30]} 27. Rhd1 {[%emt 0:00:30]} g6 {[%emt 0:00:30]} 28. Nxh6+ {[%emt 0:00:30]} Nxh6 {[%emt 0:00:30]} 29. Rd6 {[%emt 0:00:30]} Ng4 {[%emt 0:00:30]} 30. Rxf6 {[%emt 0:00:30]} Nxf6 {[%emt 0:00:30]} 31. Rd4 {[%emt 0:00:30]} h5 {[%emt 0:00:30]} 32. a4 {[%emt 0:00:30]} Rc8 {[%emt 0:00:30]} 33. Nd5 {[%emt 0:00:30]} Kg7 {[%emt 0:00:30]} 34. Kc1 {[%emt 0:00:30]} Ng4 {[%emt 0:00:30]} 35. c3 {[%emt 0:00:30]} Ne5 {[%emt 0:00:30]} 36. Kc2 {[%emt 0:00:30]} Re8 {[%emt 0:00:30]} 37. Nc7 {[%emt 0:00:30]} Re7 {[%emt 0:00:30]} 38. Nd5 {[%emt 0:00:30]} Re8 {[%emt 0:00:30]} 39. Nc7 {[%emt 0:00:30]} Re7 {[%emt 0:00:30]} 40. b4 {[%emt 0:00:30]} Re8 41. Nd5 Nf3 {[%emt 0:01:00]} 42. Rc4 Ne5 43. Rc7 Nf3 44. Rc4 1/2-1/2

[Event "CCCSA IM Norm C 2019"]
[Site "Charlotte"]
[Date "2019.06.08"]
[Round "5.4"]
[White "Wang, Jason"]
[Black "Martin Del Campo C., Roberto"]
[Result "1/2-1/2"]
[WhiteElo "2285"]
[BlackElo "2311"]
[Annotator "TA"]
[PlyCount "55"]
[EventDate "2019.06.05"]
[EventType "tourn"]
[EventCountry "USA"]
[SourceTitle "playchess.com"]
[Source "ChessBase"]
[SourceQuality "1"]

{[%evp 20,55,55,39,45,36,45,45,45,41,46,39,42,31,44,17,10,0,0,0,20,0,0,8,6,0,3,9,40,38,44,28,20,24,47,49,49,0]} 1. d4 Nf6 2. c4 d6 3. Nc3 e5 4. Nf3 exd4 5. Nxd4 Nc6 6. g3 Be7 7. Bg2 Bd7 8. O-O O-O 9. b3 Nxd4 10. Qxd4 Bc6 11. e4 Nd7 {A54: Old Indian Defence with Nf3, but without e4} 12. Bb2 Bf6 13. Qd2 a5 {[#]} 14. Rfe1 $146 ({Predecessor:} 14. Rad1 Nc5 15. Rfe1 Re8 16. f4 Qd7 17. h3 Qc8 18. Kh2 b6 19. Nd5 Bxb2 20. Qxb2 Bxd5 21. cxd5 {1-0 (34) Strikovic,A (2542)-Rodriguez Boado,M (2175) Ourense 2014}) 14... Qb8 15. f4 Qa7+ 16. Kh1 Qb6 17. Rab1 Rfe8 18. Qc2 Re7 19. a3 {[%cal Ba2a3,Ba3b4][%mdl 32]} Qc5 20. Qd3 {[#] Threatens to win with b4!} Rae8 21. b4 axb4 22. axb4 Qh5 $1 23. Bf3 Qg6 {Threatening ...Bxc3.} 24. Nd5 Bxd5 $1 25. Qxd5 Bxb2 26. Rxb2 Nf6 27. Qxb7 Nxe4 28. Bxe4 {Accuracy: White = 56%, Black = 64%.} (28. Rbe2 $5 {[%cal Re2e4]} f5 29. Qd5+ Kf8 30. Kg2 $11) 1/2-1/2

[Event "CCCSA IM Norm C 2019"]
[Site "Charlotte"]
[Date "2019.06.08"]
[Round "5.5"]
[White "Hevia Alejano, Carlos Antonio"]
[Black "Balleisen, Aaron"]
[Result "1-0"]
[WhiteElo "2481"]
[BlackElo "2203"]
[Annotator "TA"]
[PlyCount "113"]
[EventDate "2019.06.05"]
[EventType "tourn"]
[EventCountry "USA"]
[SourceTitle "playchess.com"]
[Source "ChessBase"]
[SourceQuality "1"]

{[%evp 9,129,4,28,40,60,60,68,30,53,50,59,53,54,55,96,66,66,55,63,63,70,27,34,32,38,32,39,20,46,28,39,41,41,35,54,55,48,41,45,47,67,0,8,6,6,3,7,2,4,4,6,0,9,-12,-12,-12,-19,-19,-20,-20,18,0,0,0,0,0,0,0,0,0,0,0,0,0,0,-3,0,0,0,0,0,0,51,16,20,0,27,12,12,12,83,81,91,80,29974,29975,29963,379,379,379,1916,1903,1285,968,1175,914,850,794,705,687,750,634,1208,1203,4626,4618,29975,29977,29977,29977,29985,29984]} 1. Nf3 Nf6 2. d4 b6 3. c4 Bb7 4. Nc3 e6 5. a3 Bd6 (5... g6 6. Qc2 Bg7 7. e4 O-O 8. Be2 d5 9. cxd5 exd5 10. e5 Ne4 11. Be3 Nd7 12. Rd1 c5 13. dxc5 Nxc3 14. Qxc3 bxc5 15. Bxc5 Rc8 {0-1 (55) Dreev,A (2670)-Mamedyarov,S (2817) chess.com INT 2019}) 6. e3 {E12: Queen's Indian: Unusual White 4th moves, 4 a3, 4 Nc3 Bb7 5 a3 and 4 Nc3 Bb7} Ne4 7. Nxe4 Bxe4 8. b3 $146 {White is slightly better.} ({Predecessor:} 8. Bd3 Bb7 9. e4 O-O 10. b4 f5 11. exf5 exf5 12. O-O Nc6 {½-½ (31) Kozak,T-Csabai,V Hungary 2004}) 8... Qf6 9. Bd3 Bxf3 10. Qxf3 Qxf3 11. gxf3 c5 12. Be4 Nc6 13. dxc5 Be5 14. Rb1 bxc5 15. Bd2 f5 16. Bxc6 dxc6 17. Ba5 Rb8 18. Kd2 Rb7 19. Kc2 Ke7 20. f4 Bf6 21. Rbd1 Rc8 22. Rd3 Rd7 23. Rxd7+ Kxd7 $14 {[%mdl 4096] Endgame KRB-KRB} 24. Rd1+ Ke8 25. b4 (25. Bc3 $14) 25... cxb4 $11 26. axb4 Be7 27. Kc3 Rb8 28. c5 Rb7 29. Kc4 Rd7 30. Rg1 g6 31. b5 Rd5 32. Bb4 cxb5+ $1 33. Kxb5 a5 34. Ba3 Kd7 35. Kb6 ({Much worse is} 35. Kxa5 Bxc5 36. Bxc5 Rxc5+ 37. Kb4 Rc2 $15) 35... Kc8 36. Rb1 Rd3 37. Ra1 $1 Rb3+ 38. Kc6 Rb7 39. Ra2 Rc7+ 40. Kb5 {aiming for c6.} Rb7+ 41. Kc4 {Hoping for c6.} Kc7 42. e4 fxe4 {With the idea ...Rb1.} 43. Re2 Bh4 44. Rxe4 Bxf2 45. Rxe6 Bh4 (45... Rb1 $11) 46. Ra6 Be1 47. Re6 Bh4 48. f5 gxf5 49. Rh6 Be1 (49... Bg5 $11 {remains equal.} 50. Rh5 h6) 50. Rxh7+ $16 Kb8 {[#]} 51. Rh8+ $1 Ka7 $2 {[%mdl 8192]} (51... Kc7 $16) 52. c6 Rb8 53. Rh7+ $2 (53. Bc5+ {mates} Ka8 54. Rh7 Rc8 55. Kb5 Bd2 56. h4 Bf4 57. h5 Rb8+ 58. Bb6) 53... Kb6 $18 {[#]} 54. Kd5 $1 {Intending Bc5+ and mate.} Bb4 $2 (54... Bf2 55. Bd6 Rc8) 55. Bb2 Rd8+ 56. Rd7 Be7 57. Bd4+ {Played: Kd5-e6} 1-0

[Event "CCCSA IM Norm C 2019"]
[Site "Charlotte"]
[Date "2019.06.08"]
[Round "6.1"]
[White "Adamson, Robby"]
[Black "Wang, Jason"]
[Result "1/2-1/2"]
[WhiteElo "2238"]
[BlackElo "2285"]
[Annotator "NA"]
[PlyCount "68"]
[EventDate "2019.06.05"]
[EventType "tourn"]
[EventCountry "USA"]
[SourceTitle "playchess.com"]
[Source "ChessBase"]
[SourceQuality "1"]
[TimeControl "5400+30"]

1. e4 {[%emt 1:30:30]} c5 {[%emt 1:30:30]} 2. Nf3 {[%emt 0:00:30]} e6 {[%emt 0:00:30]} 3. d4 {[%emt 0:00:30]} cxd4 {[%emt 0:00:30]} 4. Nxd4 {[%emt 0:00:30]} a6 {[%emt 0:00:30]} 5. c4 {[%emt 0:00:30]} Nf6 {[%emt 0:00:30]} 6. Nc3 {[%emt 0:00:30]} Bb4 {[%emt 0:00:30]} 7. Qd3 {[%emt 0:00:30]} O-O {[%emt 0:00:30]} 8. e5 {[%emt 0:00:30]} Ne8 {[%emt 0:00:30]} 9. Bf4 {[%emt 0:00:30]} d6 {[%emt 0:00:30]} 10. Nc2 {[%emt 0:00:30]} Bxc3+ {[%emt 0:00:30]} 11. Qxc3 {[%emt 0:00:30]} dxe5 {[%emt 0:00:30]} 12. Rd1 {[%emt 0:00:30]} Qe7 {[%emt 0:00:30]} 13. Bxe5 {[%emt 0:00:30]} f6 {[%emt 0:00:30]} 14. Bg3 {[%emt 0:00:30]} e5 {[%emt 0:00:30]} 15. Be2 {[%emt 0:00:30]} Be6 {[%emt 0:00:30]} 16. O-O {[%emt 0:00:30]} Nc6 {[%emt 0:00:30]} 17. f3 {[%emt 0:00:30]} Nd6 {[%emt 0:00:30]} 18. Bf2 {[%emt 0:00:30]} Rfc8 {[%emt 0:00:30]} 19. b3 {[%emt 0:00:30]} b5 {[%emt 0:00:30]} 20. c5 {[%emt 0:00:30]} Nf7 {[%emt 0:00:30]} 21. Rd2 {[%emt 0:00:30]} Qb7 {[%emt 0:00:30]} 22. Qe3 {[%emt 0:00:30]} Ne7 {[%emt 0:00:30]} 23. Qe4 {[%emt 0:00:30]} Bd5 {[%emt 0:00:30]} 24. Qd3 {[%emt 0:00:30]} Rd8 {[%emt 0:00:30]} 25. Qc3 {[%emt 0:00:30]} Bc6 {[%emt 0:00:30]} 26. Rfd1 {[%emt 0:00:30]} Nd5 {[%emt 0:00:30]} 27. Qa5 {[%emt 0:00:30]} Rd7 {[%emt 0:00:30]} 28. Bf1 {[%emt 0:00:30]} Rad8 {[%emt 0:00:30]} 29. Nb4 {[%emt 0:00:30]} Nxb4 {[%emt 0:00:30]} 30. Rxd7 {[%emt 0:00:30]} Rxd7 {[%emt 0:00:30]} 31. Rxd7 {[%emt 0:00:30]} Qxd7 {[%emt 0:00:30]} 32. Qxb4 {[%emt 0:00:30]} Ng5 {[%emt 0:00:30]} 33. h4 {[%emt 0:00:30]} Ne6 {[%emt 0:00:30]} 34. Qa5 {[%emt 0:00:30]} Ng5 {[%emt 0:00:30]} 1/2-1/2